[Event "zonal 1.5b"]
[Site "Protvino RUS"]
[Date "1993.??.??"]
[Round "?"]
[White "Anastasian, Ashot"]
[Black "Danielian, Oganes"]
[Result "1/2-1/2"]
[WhiteElo "2470"]
[BlackElo "2440"]
[EventDate "1993.03.??"]
[PlyCount "70"]

1.c4 e5 2.Nc3 Bb4 3.g3 Nf6 4.Bg2 O-O 5.Nf3 Bxc3 6.bxc3 e4 7.Nd4 c5 8.Nc2 
d5 9.cxd5 Qxd5 10.O-O Qh5 11.Ne3 Bh3 12.f3 Bxg2 13.Kxg2 Nc6 14.d3 exd3 15.
Qxd3 Rfe8 16.Nf5 Rad8 17.Qc2 Ne7 18.g4 Qg6 19.e4 Nxg4 20.Nxe7+ Rxe7 21.
fxg4 Qxg4+ 22.Kh1 Qxe4+ 23.Qxe4 Rxe4 24.Bf4 f6 25.Rf3 b5 26.Bg3 Rd5 27.Kg1
Kf7 28.Rc1 Rd2 29.a3 Rc4 30.Re1 Ra2 31.Bd6 Rxa3 32.Re7+ Kg6 33.Rg3+ Kf5 
34.Rf3+ Kg6 35.Rg3+ Kf5 1/2-1/2

[Event "zonal 1.5b"]
[Site "Protvino RUS"]
[Date "1993.??.??"]
[Round "?"]
[White "Anastasian, Ashot"]
[Black "Sturua, Zurab"]
[Result "1/2-1/2"]
[WhiteElo "2470"]
[BlackElo "2565"]
[EventDate "1993.03.??"]
[PlyCount "114"]

1.d4 d5 2.c4 e6 3.Nc3 Be7 4.cxd5 exd5 5.Bf4 c6 6.e3 Bf5 7.Nf3 Nf6 8.Bd3 
Bxd3 9.Qxd3 Nbd7 10.h3 a5 11.g4 a4 12.Ne5 Ne4 13.O-O Qa5 14.a3 Qa6 15.Qxa6
Rxa6 16.Nxe4 dxe4 17.Nc4 Nb6 18.Nd2 f5 19.Be5 Rf8 20.Rac1 Nd7 21.Bg3 c5 
22.d5 Bd6 23.Nb1 fxg4 24.hxg4 Bxg3 25.fxg3 Rxf1+ 26.Kxf1 Rb6 27.Nc3 Rxb2 
28.Nxa4 Ra2 29.Rc4 b5 30.Rxe4+ Kd8 31.Nc3 Rb2 32.Ke1 b4 33.axb4 cxb4 34.
Na4 Rb3 35.Kd2 Rb1 36.g5 b3 37.Rb4 Ke7 38.e4 Kd6 39.Rb7 Ne5 40.Kc3 Rg1 41.
Rb6+ Kc7 42.d6+ Kc8 43.Rb5 Rxg3+ 44.Kd4 Nf3+ 45.Ke3 Ne5+ 46.Kf2 Rxg5 47.
Nb6+ Kd8 48.Rxb3 Nf7 49.Nc4 Rc5 50.Rb8+ Kd7 51.Rb7+ Ke8 52.d7+ Ke7 53.Nb6 
Nd8 54.Ra7 Rb5 55.Nd5+ Kd6 56.Kf3 Rb7 57.Ra8 Kxd7 1/2-1/2

[Event "zonal 1.5b"]
[Site "Protvino RUS"]
[Date "1993.??.??"]
[Round "?"]
[White "Anastasian, Ashot"]
[Black "Ubilava, Elizbar"]
[Result "1-0"]
[WhiteElo "2470"]
[BlackElo "2530"]
[EventDate "1993.03.??"]
[PlyCount "79"]

1.d4 Nf6 2.Nf3 g6 3.Bf4 d6 4.e3 Bg7 5.h3 O-O 6.Be2 b6 7.O-O Bb7 8.a4 a5 9.
c3 Nfd7 10.Na3 e5 11.Bh2 Na6 12.Rb1 exd4 13.cxd4 Nb4 14.Nb5 Nf6 15.Nd2 Ne8
16.Nc4 d5 17.Ne5 c6 18.Na3 Nc7 19.Nc2 c5 20.Nxb4 axb4 21.b3 Re8 22.Rc1 Bf8
23.Qd2 f6 24.Ng4 Bd6 25.Bxd6 Qxd6 26.Rfd1 Ba6 27.dxc5 bxc5 28.Bf3 Bb7 29.
Qc2 c4 30.Qxc4 Re7 31.Qc5 Rd8 32.Qxd6 Rxd6 33.e4 Kf7 34.exd5 Nxd5 35.Ne3 
Nf4 36.Rxd6 Bxf3 37.Rc4 Be4 38.f3 Ne2+ 39.Kf2 Nc3 40.fxe4 1-0

[Event "zonal 1.5b"]
[Site "Protvino RUS"]
[Date "1993.??.??"]
[Round "?"]
[White "Bagaturov, Giorgi"]
[Black "Ubilava, Elizbar"]
[Result "1-0"]
[WhiteElo "2485"]
[BlackElo "2530"]
[EventDate "1993.03.??"]
[PlyCount "73"]

1.d4 Nf6 2.Nf3 g6 3.g3 Bg7 4.Bg2 O-O 5.c4 d6 6.O-O Nbd7 7.Nc3 e5 8.e4 c6 
9.b3 exd4 10.Nxd4 Nc5 11.h3 Re8 12.Re1 a5 13.Rb1 Bd7 14.Bf4 Qb6 15.Be3 Qc7
16.Qc2 h5 17.Rbd1 Nh7 18.Re2 Rad8 19.Red2 Bc8 20.Ndb5 cxb5 21.Nxb5 Qe7 22.
Nxd6 Na6 23.Bb6 Rxd6 24.Rxd6 Nb4 25.Qd2 Nc6 26.f4 Nf8 27.e5 g5 28.Kh1 Bf5 
29.Qf2 gxf4 30.gxf4 Ng6 31.Qg3 Nh4 32.Rf1 Kh7 33.Rf6 Qd7 34.Bd5 Be6 35.
Be4+ Kh8 36.Rg1 Rg8 37.f5 1-0

[Event "zonal 1.5b"]
[Site "Protvino RUS"]
[Date "1993.??.??"]
[Round "?"]
[White "Danielian, Oganes"]
[Black "Bagaturov, Giorgi"]
[Result "1/2-1/2"]
[WhiteElo "2440"]
[BlackElo "2485"]
[EventDate "1993.03.??"]
[PlyCount "56"]

1.d4 Nf6 2.c4 e6 3.Nf3 b6 4.g3 Ba6 5.Qa4 Bb7 6.Bg2 c5 7.dxc5 Bxc5 8.Nc3 
O-O 9.O-O Qc8 10.Bg5 Be7 11.Rfd1 h6 12.Bf4 Na6 13.Nb5 Bc6 14.Rac1 Qb7 15.
Qc2 Be4 16.Qc3 d5 17.Nd6 Bxd6 18.Bxd6 Rfc8 19.Qd4 Rxc4 20.Rxc4 dxc4 21.Be5
Qd5 22.Bxf6 gxf6 23.Rd2 Qxd4 24.Rxd4 c3 25.bxc3 Nc5 26.Nd2 Bxg2 27.Kxg2 
Rc8 28.Rc4 b5 1/2-1/2

[Event "zonal 1.5b"]
[Site "Protvino RUS"]
[Date "1993.??.??"]
[Round "?"]
[White "Danielian, Oganes"]
[Black "Minasian, Artashes"]
[Result "1/2-1/2"]
[WhiteElo "2440"]
[BlackElo "2545"]
[EventDate "1993.03.??"]
[PlyCount "105"]

1.d4 Nf6 2.c4 c5 3.d5 g6 4.Nc3 d6 5.e4 Bg7 6.h3 O-O 7.Nf3 a6 8.a4 b6 9.Bf4
Ne8 10.Be2 e5 11.Bg5 f6 12.Bh4 Ra7 13.Qd2 Kf7 14.g4 Nc7 15.a5 bxa5 16.O-O 
Na8 17.Ne1 Rb7 18.Nd3 Nd7 19.Nd1 a4 20.Nc3 Nab6 21.Nxa4 Nxc4 22.Qc3 Ncb6 
23.Qa5 Qc7 24.Nc3 Rb8 25.Rfc1 Bh6 26.Rc2 f5 27.b4 c4 28.Nc5 g5 29.Bg3 f4 
30.Bh2 dxc5 31.bxc5 Na8 32.Qxc7 Nxc7 33.Na4 Nb5 34.Bxc4 Nd4 35.Rc3 Rb4 36.
c6 Nf6 37.Nc5 Ne8 38.Nd3 Ne2+ 39.Kf1 Nxc3 40.Nxb4 Nd6 41.Bd3 Ncxe4 42.Bxe4
Nxe4 43.f3 Nd6 44.Bg1 Re8 45.Bc5 Bf8 46.Nxa6 Bxa6+ 47.Rxa6 Nc4 48.Bxf8 
Kxf8 49.Ke2 Nd6 50.Kd3 e4+ 51.fxe4 Nxe4 52.Kd4 f3 53.Ra1 1/2-1/2

[Event "zonal 1.5b"]
[Site "Protvino RUS"]
[Date "1993.??.??"]
[Round "?"]
[White "Kacheishvili, Giorgi"]
[Black "Bagaturov, Giorgi"]
[Result "1-0"]
[WhiteElo "2395"]
[BlackElo "2485"]
[EventDate "1993.03.??"]
[PlyCount "105"]

1.e4 c5 2.Nf3 Nc6 3.d4 cxd4 4.Nxd4 Nf6 5.Nc3 d6 6.Be2 e5 7.Nf3 h6 8.O-O 
Be7 9.Re1 O-O 10.h3 Be6 11.Bf1 Nb8 12.b3 Nbd7 13.Bb2 a6 14.a4 Re8 15.Nd2 
Nc5 16.Qf3 Qc7 17.a5 Qc6 18.Nc4 Nfxe4 19.Nxe4 Nxe4 20.Nb6 f5 21.Nxa8 Rxa8 
22.Bd3 Rf8 23.c4 Nc5 24.Qxc6 bxc6 25.Bc2 Rb8 26.Ba3 Nb7 27.Rad1 c5 28.b4 
cxb4 29.Bxb4 Rc8 30.Bd3 Kf7 31.Be2 Nc5 32.Rb1 Rc7 33.Red1 Ne4 34.Be1 Nc5 
35.Rb6 Bc8 36.Bb4 Ke6 37.Rd5 Na4 38.Rb8 Bb7 39.Rd2 Bc8 40.Bd1 Nc5 41.Bxc5 
Rxc5 42.Rd5 Rc7 43.Bb3 Bb7 44.Rd1 Kf6 45.Ba2 g6 46.Rb1 Bc8 47.Ra8 Rc5 48.
Rb6 Rxa5 49.Rxc8 Rxa2 50.c5 Ke6 51.Rb7 Bf6 52.c6 Rc2 53.Re8+ 1-0

[Event "zonal 1.5b"]
[Site "Protvino RUS"]
[Date "1993.??.??"]
[Round "?"]
[White "Kacheishvili, Giorgi"]
[Black "Minasian, Artashes"]
[Result "0-1"]
[WhiteElo "2395"]
[BlackElo "2545"]
[EventDate "1993.03.??"]
[PlyCount "100"]

1.e4 Nc6 2.Nf3 d6 3.d4 Nf6 4.Nc3 Bg4 5.d5 Nb8 6.h3 Bxf3 7.Qxf3 g6 8.Bc4 
Bg7 9.O-O O-O 10.Qe2 c6 11.a4 Nbd7 12.a5 cxd5 13.exd5 a6 14.Bd2 Rc8 15.Na4
Qc7 16.Bb3 Rfe8 17.Be3 Qxa5 18.Nb6 Qxb6 19.Bxb6 Nxb6 20.Ra5 Nfd7 21.c3 Nc5
22.Ba2 Rc7 23.Qf3 Rec8 24.Ra3 Bf6 25.g3 Kg7 26.Kg2 Ncd7 27.Qe2 Rc5 28.Rd1 
Rb5 29.Rb3 Ra5 30.Bb1 Rc7 31.Be4 Ra2 32.Qc2 Nc4 33.Bd3 b5 34.Bxc4 Rxc4 35.
Rb4 Rxb4 36.cxb4 Rxb2 37.Qe4 Nb6 38.Re1 Na4 39.Rc1 Nc3 40.Qd3 Na2 41.Rc8 
Nxb4 42.Qa3 Bd4 43.h4 Rxf2+ 44.Kh3 Nxd5 45.Qa5 Be5 46.Qd8 Rf3 47.Kg2 Rxg3+
48.Kf2 Kf6 49.Rc6 Rg4 50.Qh8+ Kf5 0-1

[Event "zonal 1.5b"]
[Site "Protvino RUS"]
[Date "1993.??.??"]
[Round "?"]
[White "Lputian, Smbat"]
[Black "Minasian, Artashes"]
[Result "1-0"]
[WhiteElo "2610"]
[BlackElo "2545"]
[EventDate "1993.03.??"]
[PlyCount "71"]

1.d4 d6 2.c4 e5 3.Nf3 e4 4.Ng5 f5 5.Nh3 Be7 6.Nc3 c6 7.g3 Nf6 8.Bg5 Ng4 9.
Bxe7 Qxe7 10.e3 g5 11.Qd2 Na6 12.O-O-O Bd7 13.c5 dxc5 14.Bxa6 bxa6 15.Na4 
Be6 16.Nxc5 Bd5 17.Kb1 Rb8 18.Rc1 O-O 19.Ng1 Rb5 20.h3 Ne5 21.dxe5 Rxc5 
22.Rxc5 Qxc5 23.Ne2 Qe7 24.Qc3 Re8 25.Rc1 Qxe5 26.Nd4 Rc8 27.Qc5 Rc7 28.b3
f4 29.gxf4 gxf4 30.Qa5 fxe3 31.fxe3 Qh2 32.Nf5 h5 33.Qb4 c5 34.Qb8+ Kh7 
35.Qf8 Qg2 36.Qd6 1-0

[Event "zonal 1.5b"]
[Site "Protvino RUS"]
[Date "1993.??.??"]
[Round "?"]
[White "Minasian, Artashes"]
[Black "Anastasian, Ashot"]
[Result "0-1"]
[WhiteElo "2545"]
[BlackElo "2470"]
[EventDate "1993.03.??"]
[PlyCount "56"]

1.e4 c5 2.Nf3 d6 3.d4 cxd4 4.Nxd4 Nf6 5.Nc3 a6 6.f4 g6 7.e5 dxe5 8.fxe5 
Ng4 9.e6 f5 10.Bc4 Bg7 11.Nd5 Nc6 12.Bf4 Nxd4 13.Nc7+ Kf8 14.Nxa8 b5 15.
Be2 Qd5 16.O-O Bb7 17.Bf3 Nxf3+ 18.gxf3 Bd4+ 19.Kg2 Bxa8 20.c3 Ne3+ 21.
Bxe3 Bxe3 22.Qxd5 Bxd5 23.a4 Kg7 24.axb5 axb5 25.Ra6 g5 26.Rd1 Bb7 27.Ra5 
g4 28.Rd7 Bxf3+ 0-1

[Event "zonal 1.5b"]
[Site "Protvino RUS"]
[Date "1993.??.??"]
[Round "?"]
[White "Minasian, Artashes"]
[Black "Bagaturov, Giorgi"]
[Result "0-1"]
[WhiteElo "2545"]
[BlackElo "2485"]
[EventDate "1993.03.??"]
[PlyCount "64"]

1.b3 e5 2.Bb2 d6 3.e3 Nf6 4.Ne2 g6 5.f4 Nc6 6.fxe5 Nxe5 7.Nf4 Ne4 8.g3 Bg4
9.Be2 h5 10.d3 Ng5 11.Nc3 c6 12.h4 Nh7 13.Qd2 Bg7 14.Bxg4 Nxg4 15.O-O-O 
O-O 16.d4 Re8 17.e4 b5 18.Rhe1 a5 19.Re2 Ra7 20.Qe1 Qb6 21.Kb1 Rae7 22.
Rdd2 Qb8 23.Qh1 Nhf6 24.e5 dxe5 25.dxe5 Nxe5 26.Rd1 a4 27.Rde1 axb3 28.
axb3 Nfg4 29.Ne4 Qa7 30.Nc3 Qa5 31.Nd3 Ra8 32.Nxe5 Nxe5 0-1

[Event "zonal 1.5b"]
[Site "Protvino RUS"]
[Date "1993.??.??"]
[Round "?"]
[White "Minasian, Artashes"]
[Black "Ubilava, Elizbar"]
[Result "1/2-1/2"]
[WhiteElo "2545"]
[BlackElo "2530"]
[EventDate "1993.03.??"]
[PlyCount "115"]

1.e4 c5 2.Nc3 Nc6 3.f4 g6 4.Nf3 Bg7 5.Bc4 e6 6.f5 Nge7 7.fxe6 fxe6 8.d3 d5
9.Bb3 O-O 10.O-O Nd4 11.Bg5 dxe4 12.Nxe4 h6 13.Bd2 Nef5 14.Nxd4 Qxd4+ 15.
Kh1 Qxb2 16.Qg4 Kh7 17.Qh3 b6 18.c3 Bb7 19.Rfb1 Qa3 20.Ng5+ Kh8 21.Nxe6 
Rae8 22.Rf1 Qb2 23.Rad1 Rf6 24.Nxg7 Kxg7 25.Bxh6+ Nxh6 26.Qd7+ Nf7 27.Qxb7
Qe2 28.Rg1 Re7 29.Qb8 Nh6 30.h3 Rf8 31.Qg3 Nf5 32.Qg5 Qe5 33.Rge1 Ng3+ 34.
Qxg3 Qxg3 35.Rxe7+ Kh6 36.Re4 Rf4 37.Rxf4 Qxf4 38.d4 cxd4 39.cxd4 b5 40.d5
Qd6 41.Rd3 a5 42.Bd1 a4 43.g3 b4 44.Kg2 Qa6 45.Rd2 Qa5 46.Rd3 b3 47.Bxb3 
axb3 48.axb3 Qb5 49.Rd2 Qb4 50.Rf2 Qe4+ 51.Kh2 g5 52.g4 Qxd5 53.Rf6+ Kg7 
54.Rf5 Qd2+ 55.Kg1 Kg6 56.Rf2 Qe3 57.Kg2 Qxb3 58.Rf5 1/2-1/2

[Event "zonal 1.5b"]
[Site "Protvino RUS"]
[Date "1993.??.??"]
[Round "?"]
[White "Nalbandian, Tigran"]
[Black "Danielian, Oganes"]
[Result "1-0"]
[WhiteElo "2405"]
[BlackElo "2440"]
[EventDate "1993.03.??"]
[PlyCount "87"]

1.d4 Nf6 2.c4 e6 3.Nf3 b6 4.g3 Ba6 5.Qa4 c5 6.Bg2 Bb7 7.O-O Be7 8.Nc3 O-O 
9.Rd1 cxd4 10.Nxd4 Bxg2 11.Kxg2 Qc8 12.e4 Qb7 13.f3 a6 14.Bg5 d6 15.Qc2 
Nbd7 16.Qe2 Rfc8 17.Bd2 Rc7 18.b3 Rac8 19.Rac1 Ne8 20.a4 Bf6 21.Be3 Nc5 
22.Rb1 Be5 23.Bf2 Nf6 24.Kg1 Qa8 25.Qe3 Re8 26.Nde2 h6 27.Qd2 Qb7 28.Bd4 
Qc8 29.Qe3 Qb7 30.Nc1 Rec8 31.Rb2 Ncd7 32.Rbd2 Ne8 33.Bxe5 dxe5 34.Nd3 
Nef6 35.f4 exf4 36.gxf4 Nc5 37.Nxc5 bxc5 38.e5 Ng4 39.Rd8+ Kh7 40.Qd3+ g6 
41.Rxc8 Rxc8 42.h3 Rd8 43.Qxd8 Ne3 44.Kf2 1-0

[Event "zonal 1.5b"]
[Site "Protvino RUS"]
[Date "1993.??.??"]
[Round "?"]
[White "Nalbandian, Tigran"]
[Black "Kacheishvili, Giorgi"]
[Result "1-0"]
[WhiteElo "2405"]
[BlackElo "2395"]
[EventDate "1993.03.??"]
[PlyCount "67"]

1.d3 c5 2.g3 g6 3.Bg2 Bg7 4.c4 Nc6 5.Nc3 e6 6.Nf3 Nge7 7.O-O O-O 8.Bf4 d5 
9.Rb1 b6 10.a3 Bb7 11.Qc1 Rc8 12.Rd1 Qd7 13.Bh6 Nf5 14.Bxg7 Kxg7 15.Qf4 
Rfd8 16.cxd5 exd5 17.Bh3 d4 18.Ne4 Qc7 19.Qd2 Rd5 20.b4 cxb4 21.axb4 Qe7 
22.b5 Ne5 23.Qa2 Nxf3+ 24.exf3 Ba8 25.Re1 Re8 26.Qd2 Re5 27.Rb4 Nh6 28.
Rxd4 f5 29.Qb2 Kg8 30.Rd7 Qxd7 31.Nf6+ Kf7 32.Rxe5 Qxd3 33.Rxe8 Qd1+ 34.
Bf1 1-0

[Event "zonal 1.5b"]
[Site "Protvino RUS"]
[Date "1993.??.??"]
[Round "?"]
[White "Nalbandian, Tigran"]
[Black "Sturua, Zurab"]
[Result "1-0"]
[WhiteElo "2405"]
[BlackElo "2565"]
[EventDate "1993.03.??"]
[PlyCount "51"]

1.g3 g6 2.Nf3 Bg7 3.Bg2 Nf6 4.O-O O-O 5.d4 d6 6.c4 Nbd7 7.Nc3 e5 8.h3 Re8 
9.e4 exd4 10.Nxd4 a6 11.Be3 Rb8 12.a4 Nc5 13.Qc2 a5 14.Rad1 Qe7 15.Bg5 c6 
16.f4 Qf8 17.f5 Nfd7 18.f6 Bh8 19.Qd2 Re5 20.Nf5 Bxf6 21.Nh6+ Kg7 22.Rxf6 
Nxf6 23.Nf5+ Bxf5 24.Bh6+ Kg8 25.Bxf8 Rxf8 26.exf5 1-0

[Event "zonal 1.5b"]
[Site "Protvino RUS"]
[Date "1993.??.??"]
[Round "?"]
[White "Nalbandian, Tigran"]
[Black "Supatashvili, Khvicha"]
[Result "1/2-1/2"]
[WhiteElo "2405"]
[BlackElo "2450"]
[EventDate "1993.03.??"]
[PlyCount "59"]

1.Nf3 Nf6 2.c4 e6 3.g3 d5 4.cxd5 exd5 5.Bg2 Be7 6.d3 O-O 7.O-O c5 8.Nbd2 
Nc6 9.e4 Re8 10.b3 b6 11.e5 Nd7 12.Bb2 Ba6 13.Nb1 Bf8 14.Re1 d4 15.Na3 
Ndxe5 16.Nxe5 Nxe5 17.Nc4 Nxc4 18.bxc4 Rxe1+ 19.Qxe1 Rb8 20.a4 Bb7 21.Qe5 
Bd6 22.Qe2 Bxg2 23.Kxg2 Qd7 24.Qf3 Re8 25.a5 b5 26.a6 bxc4 27.dxc4 Rb8 28.
Bc1 Bc7 29.Bd2 h6 30.Re1 1/2-1/2

[Event "zonal 1.5b"]
[Site "Protvino RUS"]
[Date "1993.??.??"]
[Round "?"]
[White "Sturua, Zurab"]
[Black "Kacheishvili, Giorgi"]
[Result "1/2-1/2"]
[WhiteElo "2565"]
[BlackElo "2395"]
[EventDate "1993.03.??"]
[PlyCount "43"]

1.d4 e6 2.c4 f5 3.Nf3 Nf6 4.g3 Bb4+ 5.Bd2 Qe7 6.Bg2 O-O 7.O-O Bxd2 8.Qxd2 
Ne4 9.Qe3 d6 10.Nh4 d5 11.Nd2 c6 12.Nhf3 Nd7 13.Rac1 b6 14.cxd5 cxd5 15.
Nxe4 dxe4 16.Nd2 Nf6 17.f3 Nd5 18.Qb3 e3 19.Nb1 f4 20.Nc3 Bb7 21.Ne4 Kh8 
22.Bh3 1/2-1/2

[Event "zonal 1.5b"]
[Site "Protvino RUS"]
[Date "1993.??.??"]
[Round "?"]
[White "Sturua, Zurab"]
[Black "Lputian, Smbat"]
[Result "1/2-1/2"]
[WhiteElo "2565"]
[BlackElo "2610"]
[EventDate "1993.03.??"]
[PlyCount "45"]

1.d4 d5 2.c4 c6 3.Nc3 Nf6 4.Nf3 e6 5.Bg5 h6 6.Bxf6 Qxf6 7.e3 Nd7 8.Bd3 Bd6
9.O-O Qe7 10.Qe2 O-O 11.c5 Bc7 12.e4 dxe4 13.Nxe4 Rd8 14.Rad1 Nf8 15.a3 
Bd7 16.Rfe1 f6 17.Bc4 Kh8 18.Ng3 Qf7 19.b4 Re8 20.Qc2 Ng6 21.Qf5 Re7 22.
Qe4 Rd8 23.Bd3 1/2-1/2

[Event "zonal 1.5b"]
[Site "Protvino RUS"]
[Date "1993.??.??"]
[Round "?"]
[White "Sturua, Zurab"]
[Black "Minasian, Artashes"]
[Result "0-1"]
[WhiteElo "2565"]
[BlackElo "2545"]
[EventDate "1993.03.??"]
[PlyCount "92"]

1.d4 Nf6 2.Nf3 c5 3.e3 g6 4.c4 Bg7 5.Nc3 O-O 6.Be2 d6 7.O-O Bf5 8.Bd2 Re8 
9.Qb3 Qc8 10.dxc5 dxc5 11.Nd5 Ne4 12.Be1 Nc6 13.Nh4 Bd7 14.Rd1 f5 15.Nf3 
b6 16.Nd2 Ng5 17.Nb1 e6 18.Ndc3 Na5 19.Qc2 Bc6 20.f3 Nf7 21.Bf2 Be5 22.Nd2
Qc7 23.h3 g5 24.a3 Nb7 25.b4 Kh8 26.b5 Bd7 27.Bd3 Rg8 28.Ne2 Rg7 29.Rfe1 
Rag8 30.Nf1 h5 31.Qc1 Bc8 32.Bb1 Nbd6 33.Nfg3 h4 34.Nf1 g4 35.hxg4 fxg4 
36.f4 g3 37.Bxg3 hxg3 38.fxe5 Nxe5 39.Nf4 Ng4 40.Nxg3 Qe7 41.Qb2 e5 42.
Rxd6 Qxd6 43.Nfh5 Qh6 44.Rf1 Rg5 45.Rf3 Rxh5 46.Nxh5 Qxh5 0-1

[Event "zonal 1.5b"]
[Site "Protvino RUS"]
[Date "1993.??.??"]
[Round "?"]
[White "Sturua, Zurab"]
[Black "Supatashvili, Khvicha"]
[Result "1-0"]
[WhiteElo "2565"]
[BlackElo "2450"]
[EventDate "1993.03.??"]
[PlyCount "69"]

1.d4 e6 2.c4 Nf6 3.Nf3 Bb4+ 4.Nbd2 d5 5.Qa4+ Nc6 6.a3 Bxd2+ 7.Bxd2 Ne4 8.
Bf4 O-O 9.Rd1 Ne7 10.e3 Ng6 11.Bg3 Bd7 12.Qc2 Bc6 13.Bd3 Qe7 14.Rc1 Rac8 
15.b4 Nxg3 16.hxg3 dxc4 17.Bxc4 a5 18.Rb1 axb4 19.axb4 Bd5 20.Bd3 b6 21.
Qe2 f5 22.e4 fxe4 23.Bxe4 Bxe4 24.Qxe4 Qf6 25.Rh5 h6 26.Kf1 Ra8 27.Kg1 
Rae8 28.b5 Re7 29.Re1 Rfe8 30.g4 Nf4 31.Re5 Ng6 32.g5 Qf7 33.gxh6 Nxe5 34.
h7+ Kh8 35.Nxe5 1-0

[Event "zonal 1.5b"]
[Site "Protvino RUS"]
[Date "1993.??.??"]
[Round "?"]
[White "Supatashvili, Khvicha"]
[Black "Bagaturov, Giorgi"]
[Result "0-1"]
[WhiteElo "2450"]
[BlackElo "2485"]
[EventDate "1993.03.??"]
[PlyCount "96"]

1.d4 Nf6 2.c4 g6 3.Nf3 Bg7 4.g3 O-O 5.Bg2 d6 6.O-O c6 7.Nc3 Qa5 8.e4 e5 9.
h3 exd4 10.Nxd4 Qc5 11.Nb3 Qb4 12.Bf4 Ne8 13.c5 dxc5 14.a3 Qc4 15.Rc1 b6 
16.Nd5 Qa6 17.Ne7+ Kh8 18.e5 Be6 19.Nxc6 Nxc6 20.Bxc6 Rc8 21.Bg2 Nc7 22.
Nd2 Nd5 23.Ne4 Rcd8 24.Nd6 Rxd6 25.exd6 Nxf4 26.gxf4 Bxb2 27.Rc2 Qxa3 28.
Re2 Rd8 29.Rfe1 Bd4 30.Rxe6 fxe6 31.Rxe6 Qa2 32.Re2 Qa1 33.Qxa1 Bxa1 34.
Re6 c4 35.Bc6 c3 36.Be4 Bb2 37.f5 gxf5 38.Bxf5 Kg7 39.Bc2 a5 40.Kf1 b5 41.
Ke2 Ba3 42.Kd3 Bb4 43.Bb3 a4 44.Bd5 Bxd6 45.Kxc3 b4+ 46.Kb2 Bc5 47.Bc4 
Rd2+ 48.Kb1 b3 0-1

[Event "zonal 1.5b"]
[Site "Protvino RUS"]
[Date "1993.??.??"]
[Round "?"]
[White "Supatashvili, Khvicha"]
[Black "Minasian, Artashes"]
[Result "1/2-1/2"]
[WhiteElo "2450"]
[BlackElo "2545"]
[EventDate "1993.03.??"]
[PlyCount "56"]

1.d4 Nf6 2.c4 c5 3.d5 g6 4.Nc3 d6 5.e4 Bg7 6.Bd3 O-O 7.Nf3 e6 8.O-O exd5 
9.exd5 Bg4 10.h3 Bxf3 11.Qxf3 a6 12.a4 b6 13.Bd2 Ra7 14.Rae1 Nfd7 15.b3 
Ne5 16.Qg3 Bf6 17.Bc2 Bh4 18.Qe3 f5 19.f4 Bxe1 20.Rxe1 Nf7 21.g4 fxg4 22.
hxg4 Qh4 23.Qe4 Qg3+ 24.Kf1 Re7 25.Qxe7 Qh3+ 26.Kg1 Qg3+ 27.Kf1 Qh3+ 28.
Kg1 Qg3+ 1/2-1/2

[Event "zonal 1.5b"]
[Site "Protvino RUS"]
[Date "1993.??.??"]
[Round "?"]
[White "Supatashvili, Khvicha"]
[Black "Ubilava, Elizbar"]
[Result "1/2-1/2"]
[WhiteElo "2450"]
[BlackElo "2530"]
[EventDate "1993.03.??"]
[PlyCount "41"]

1.d4 Nf6 2.c4 g6 3.Nf3 Bg7 4.g3 O-O 5.Bg2 c5 6.O-O cxd4 7.Nxd4 Nc6 8.Nc3 
d6 9.Nxc6 bxc6 10.Bxc6 Rb8 11.Qa4 Qc7 12.c5 dxc5 13.Bg2 Rb4 14.Qc2 Be6 15.
Bd2 Rfb8 16.b3 Rc8 17.Na4 Rb5 18.Nc3 Rb4 19.Na4 Rb5 20.Nc3 Rb4 21.Na4 
1/2-1/2

[Event "zonal 1.5b"]
[Site "Protvino RUS"]
[Date "1993.??.??"]
[Round "?"]
[White "Ubilava, Elizbar"]
[Black "Danielian, Oganes"]
[Result "1-0"]
[WhiteElo "2530"]
[BlackElo "2440"]
[EventDate "1993.03.??"]
[PlyCount "79"]

1.c4 e5 2.Nc3 Bb4 3.Nd5 Be7 4.Nf3 e4 5.Nd4 Nf6 6.Nf5 Nxd5 7.cxd5 g6 8.Nxe7
Qxe7 9.g3 c6 10.Qc2 O-O 11.d6 Qxd6 12.Qxe4 Qf6 13.d3 d5 14.Qf4 Qe7 15.Bg2 
Re8 16.O-O Qxe2 17.Bd2 Be6 18.Bc3 Nd7 19.Rfe1 Qxd3 20.Rad1 Qf5 21.Qc7 Rab8
22.h3 g5 23.f4 gxf4 24.gxf4 f6 25.Re3 Nf8 26.Rde1 Rbd8 27.Rg3+ Ng6 28.Rg5 
Rc8 29.Qxb7 Qxf4 30.Rxg6+ hxg6 31.Rxe6 Qc1+ 32.Bf1 Qg5+ 33.Kh1 Rxe6 34.
Qxc8+ Kf7 35.Bb4 Re4 36.Qf8+ Ke6 37.Qe7+ Kf5 38.Qd7+ Ke5 39.Bd6+ Kd4 40.
Qxa7+ 1-0

[Event "zonal 1.5b"]
[Site "Protvino RUS"]
[Date "1993.??.??"]
[Round "?"]
[White "Ubilava, Elizbar"]
[Black "Kacheishvili, Giorgi"]
[Result "1/2-1/2"]
[WhiteElo "2530"]
[BlackElo "2395"]
[EventDate "1993.03.??"]
[PlyCount "92"]

1.d4 e6 2.c4 f5 3.g3 Nf6 4.Bg2 Bb4+ 5.Nd2 O-O 6.Nf3 d6 7.O-O Qe7 8.Nb3 d5 
9.c5 b6 10.a3 Ba5 11.Bg5 Ba6 12.Rc1 c6 13.Ne5 Qb7 14.cxb6 Bxb6 15.a4 Nfd7 
16.Nd3 Bxd3 17.exd3 Na6 18.Re1 Rfe8 19.Qd2 Rac8 20.Be3 Bd8 21.Qc3 Nb4 22.
Ra1 Bf6 23.Qd2 Na6 24.Qc2 Rb8 25.Na5 Nb4 26.Qc3 Qa6 27.Nb3 Qxd3 28.Rec1 
Qxc3 29.bxc3 Nc2 30.Rxc2 Rxb3 31.c4 Reb8 32.cxd5 cxd5 33.Bf1 Nf8 34.Rc7 e5
35.Rxa7 exd4 36.Bf4 Rb1 37.Rxb1 Rxb1 38.Kg2 Ne6 39.Bd3 Rd1 40.Bxf5 Nxf4+ 
41.gxf4 d3 42.Be6+ Kf8 43.Bxd5 d2 44.Bf3 Ra1 45.Rd7 Bc3 46.Rd3 Ba5 1/2-1/2

[Event "zonal 1.5b"]
[Site "Protvino RUS"]
[Date "1993.??.??"]
[Round "?"]
[White "Ubilava, Elizbar"]
[Black "Nalbandian, Tigran"]
[Result "1/2-1/2"]
[WhiteElo "2530"]
[BlackElo "2405"]
[EventDate "1993.03.??"]
[PlyCount "68"]

1.Nf3 Nf6 2.g3 b6 3.Bg2 Bb7 4.d3 d5 5.O-O g6 6.c4 e6 7.cxd5 exd5 8.Qa4+ 
Qd7 9.Qh4 Bg7 10.Bh6 O-O 11.Nc3 Na6 12.d4 Qg4 13.Qxg4 Nxg4 14.Bxg7 Kxg7 
15.Rac1 Rfd8 16.Rfd1 c6 17.h3 Nf6 18.Ne5 Nd7 19.Nd3 Nf6 20.b4 Nc7 21.a4 
Ne6 22.e3 Rac8 23.Bf1 c5 24.bxc5 bxc5 25.Nxc5 Nxc5 26.dxc5 Rxc5 27.Nb5 Ne4
28.a5 Rdc8 29.Ra1 Ba6 30.Nxa7 Ra8 31.Bxa6 Rxa7 32.Bf1 Raxa5 33.Rxa5 Rxa5 
34.Bg2 h5 1/2-1/2